| 000 | 00590nam a2200193 a 4500 | ||
|---|---|---|---|
| 001 | 1766566527224 | ||
| 003 | YourLibrary | ||
| 005 | 20251226115019.0 | ||
| 008 | 251224s2000##################000#0#eng## | ||
| 020 | _a9783906764290 | ||
| 082 | 0 | 4 |
_a233.7092 _bDAL |
| 100 | 1 |
_aDalzell, Thomas G., _eauthor. |
|
| 245 | 1 | 0 | _aThe Dramatic Encounter of Divine and Human Freedom in the Theology of Hans Urs Von Balthasar : |
| 260 |
_bPeter Lang Publishing, _c2000. |
||
| 300 | _a330 pages | ||
| 650 | 0 | _aBiography & Autobiography. | |
| 942 | _cENGLISH | ||
| 040 |
_aYourLibrary _beng _cYourLibrary |
||
| 999 |
_c604633 _d604633 |
||